Seminár o deformáciách asfaltových vozoviek

Bibliographic Details
Format: Article
Language:Slovak
PhysicalDescription:Fotogr.
ISSN:1336-8273
Subjects:

MARC

LEADER 00000nab a2200000 ar4500
001 vtls008962003
003 SK-MaSNL
005 20260426063359.0
008 070405c2007 xo |||||||||||000 b|slo
015 |a SNBRB2007/04  |2 snkbucl 
038 |a SNKBUCL 
040 |a SNKBUCL  |b slo  |c SNKBUCL  |e AACR2 
041 0 |a slo 
044 |a xo  |c SK 
080 |a 625.85:539.373:061.3  |2 1997 
080 |a 539.373  |2 1997 
245 0 0 |a Seminár o deformáciách asfaltových vozoviek  |c pripravila -ZS- 
300 |b Fotogr. 
611 2 7 |a Trvalé deformácie asfaltových vozoviek  |d (2006 :  |c Bratislava, Slovensko)  |2 snkbucl  |9 1285901 
650 0 7 |a asfaltové vozovky  |2 snkbucl  |9 4360 
650 0 7 |a trvalé deformácie  |2 snkbucl  |9 1285902 
651 7 |a Bratislava (Slovensko)  |2 snkbucl  |9 14568 
773 0 |t In Energo Eco  |g Roč. 2, č. 1/2 (2007), s. 26-27  |x 1336-8273 
852 |a SNK  |b KIS3GCP 
958 |a SK 
999 |c 2555446  |d 2557376